[Event "Oviedo op 9th"]
[Site "Oviedo"]
[Date "2023.07.27"]
[Round "5"]
[White "De Schampheleire, Glen"]
[Black "Masague Artero, Guerau"]
[Result "1/2-1/2"]
[WhiteElo "2387"]
[BlackElo "2302"]
[PlyCount "146"]
[EventDate "2023.07.24"]
[EventType "swiss"]
[EventRounds "9"]
[EventCountry "ESP"]
[SourceTitle "CBM 215 Extra"]
[Source "ChessBase"]
[SourceDate "2023.09.30"]
[SourceVersion "1"]
[SourceVersionDate "2023.09.30"]
[SourceQuality "1"]

1. d4 Nf6 2. c4 e6 3. Nf3 d5 4. g3 Bb4+ 5. Bd2 a5 6. Bg2 0-0 7. Qc2 c5 8. dxc5 d4 9. Bxb4 axb4 10. Nbd2 Nc6 11. 0-0 e5 12. Ng5 h6 13. Bxc6 bxc6 14. Nge4 Bf5 15. Qd3 Qe7 16. Nxf6+ Qxf6 17. Qf3 Qg6 18. Rfe1 Rfd8 19. a3 Qg5 20. Ne4 Bxe4 21. Qxe4 Qd2 22. axb4 Qxb4 23. Qxc6 Rab8 24. Qc7 e4 25. Qe5 Rbc8 26. Qxe4 Rxc5 27. Red1 Rxc4 28. Ra8 Rxa8 29. Qxa8+ Kh7 30. Qd5 Rc7 31. Qxd4 Qxd4 32. Rxd4 Rc2 33. b3 Rxe2 34. Rd3 g5 35. Kg2 g4 36. Rd4 h5 37. Rf4 Kg6 38. h3 gxh3+ 39. Kxh3 Rb2 40. b4 f6 41. Kg2 Rb3 42. Rd4 Kg5 43. Rd5+ f5 44. Rd4 Rb2 45. Rc4 Rb1 46. Kh3 Rh1+ 47. Kg2 Rb1 48. Rd4 Rb2 49. Rd6 h4 50. gxh4+ Kxh4 51. Rd4+ Kg5 52. Kg3 Rb3+ 53. f3 Rb2 54. Rf4 Rb3 55. Rc4 Rb2 56. Kh3 Rf2 57. Kg3 Rb2 58. Rd4 Rb3 59. Kf2 Rb2+ 60. Ke3 Rb3+ 61. Ke2 Rb2+ 62. Kd3 Rb3+ 63. Ke2 Rb2+ 64. Kd3 Rb3+ 65. Kc4 Rxf3 66. b5 Rf1 67. b6 Rb1 68. Kc5 f4 69. Rb4 Rxb4 70. Kxb4 f3 71. b7 f2 72. b8Q f1Q 73. Qg8+ Kh6 1/2-1/2

[Event "NED-chT 2122"]
[Site "Netherlands"]
[Date "2022.05.21"]
[Round "5.1"]
[White "Zwirs, Nico"]
[Black "De Schampheleire, Glen"]
[Result "1/2-1/2"]
[WhiteElo "2450"]
[BlackElo "2376"]
[PlyCount "51"]
[EventDate "2021.09.18"]
[EventType "team-tourn"]
[EventRounds "9"]
[EventCountry "NED"]
[SourceTitle "EXT 2023"]
[Source "ChessBase"]
[SourceDate "2022.10.05"]
[SourceVersion "1"]
[SourceVersionDate "2022.10.05"]
[SourceQuality "1"]
[WhiteTeam "Apeldoorn Amevo"]
[BlackTeam "Sas van Gent"]
[WhiteTeamCountry "NED"]
[BlackTeamCountry "NED"]

1. e4 e5 2. Nf3 Nc6 3. Nc3 Nf6 4. d4 exd4 5. Nxd4 Bb4 6. Nxc6 bxc6 7. Bd3 d5 8. Bd2 0-0 9. 0-0 Bxc3 10. Bxc3 dxe4 11. Bxf6 Qxf6 12. Bxe4 Qxb2 13. Bxc6 Rb8 14. Rb1 Qxb1 15. Qxb1 Rxb1 16. Rxb1 Rd8 17. Bf3 Ba6 18. h3 Kf8 19. Rb4 h6 20. Ra4 Rd6 21. c4 Ke7 22. c5 Re6 23. Ra5 Be2 24. Bxe2 Rxe2 25. Rxa7 Kd7 26. Kf1 1/2-1/2

[Event "NED-chT 2122"]
[Site "Netherlands"]
[Date "2022.04.23"]
[Round "9.1"]
[White "Van Foreest, Lucas"]
[Black "De Schampheleire, Glen"]
[Result "1/2-1/2"]
[WhiteElo "2535"]
[BlackElo "2376"]
[PlyCount "82"]
[EventDate "2021.09.18"]
[EventType "team-tourn"]
[EventRounds "9"]
[EventCountry "NED"]
[SourceTitle "EXT 2023"]
[Source "ChessBase"]
[SourceDate "2022.10.05"]
[SourceVersion "1"]
[SourceVersionDate "2022.10.05"]
[SourceQuality "1"]
[WhiteTeam "En Passant"]
[BlackTeam "Sas van Gent"]
[WhiteTeamCountry "NED"]
[BlackTeamCountry "NED"]

1. d4 Nf6 2. c4 e6 3. Nf3 d5 4. g3 Be7 5. Bg2 0-0 6. Nc3 dxc4 7. Ne5 c5 8. dxc5 Qxd1+ 9. Nxd1 Bxc5 10. 0-0 Nc6 11. Bxc6 bxc6 12. Be3 Bb6 13. Bxb6 axb6 14. Nc3 Nd5 15. a4 Nb4 16. Rfd1 f6 17. Nxc4 Rb8 18. Rd6 Ba6 19. b3 Rfe8 20. e3 Bxc4 21. bxc4 Rbd8 22. Rdd1 Rxd1+ 23. Rxd1 Kf8 24. c5 bxc5 25. Ne4 c4 26. Rd4 Ke7 27. Rxc4 Rb8 28. Kg2 e5 29. f4 Ke6 30. Kf3 g6 31. Rc1 f5 32. Ng5+ Kd5 33. e4+ fxe4+ 34. Nxe4 Kd4 35. Ng5 h6 36. Ne6+ Kd5 37. Nc5 Ra8 38. Nd7 Ke6 39. Nc5+ Kd5 40. Ne4 Kd4 41. Nc5 Kd5 1/2-1/2

[Event "NED-chT 2122"]
[Site "Netherlands"]
[Date "2022.03.12"]
[Round "7.2"]
[White "De Schampheleire, Glen"]
[Black "Sochacki, Christophe"]
[Result "1/2-1/2"]
[WhiteElo "2376"]
[BlackElo "2493"]
[PlyCount "97"]
[EventDate "2021.09.18"]
[EventType "team-tourn"]
[EventRounds "9"]
[EventCountry "NED"]
[SourceTitle "EXT 2023"]
[Source "ChessBase"]
[SourceDate "2022.10.05"]
[SourceVersion "1"]
[SourceVersionDate "2022.10.05"]
[SourceQuality "1"]
[WhiteTeam "Sas van Gent"]
[BlackTeam "Kennemer Combinatie"]
[WhiteTeamCountry "NED"]
[BlackTeamCountry "NED"]

1. d4 Nf6 2. c4 e6 3. Nf3 c5 4. d5 exd5 5. cxd5 d6 6. Nc3 g6 7. Bf4 Bg7 8. h3 0-0 9. e3 Na6 10. Be2 Nc7 11. 0-0 a6 12. a4 Rb8 13. a5 b5 14. axb6 Rxb6 15. Qd2 Bf5 16. Bd3 Bxd3 17. Qxd3 Rxb2 18. Nd2 Nb5 19. Nd1 Rxd2 20. Qxd2 Ne4 21. Qc1 Bxa1 22. Qxa1 g5 23. Qxa6 gxf4 24. Qxb5 f3 25. Kh2 Qg5 26. Rg1 Qe5+ 27. Kh1 fxg2+ 28. Rxg2+ Kh8 29. Qb2 Qxb2 30. Nxb2 Rb8 31. f3 Ng5 32. Nc4 Rb1+ 33. Rg1 Rxg1+ 34. Kxg1 Nxf3+ 35. Kf2 Nh4 36. Nxd6 Kg7 37. e4 Kf6 38. Ke3 Ng6 39. Nc4 Ne5 40. Nd6 Ng6 41. Nb7 c4 42. Kd4 c3 43. Kxc3 Ke5 44. d6 Nf8 45. Kd3 f6 46. Ke3 Nd7 47. Kf3 Nf8 48. Ke3 Nd7 49. Kf3 1/2-1/2

[Event "BEL-chT 2122"]
[Site "Belgium"]
[Date "2022.01.30"]
[Round "6.3"]
[White "Dgebuadze, Alexandre"]
[Black "De Schampheleire, Glen"]
[Result "1/2-1/2"]
[WhiteElo "2473"]
[BlackElo "2363"]
[PlyCount "68"]
[EventDate "2021.10.24"]
[EventType "team-tourn"]
[EventRounds "11"]
[EventCountry "BEL"]
[SourceTitle "EXT 2023"]
[Source "ChessBase"]
[SourceDate "2022.10.05"]
[SourceVersion "1"]
[SourceVersionDate "2022.10.05"]
[SourceQuality "1"]
[WhiteTeam "Wirtzfeld"]
[BlackTeam "KBSK Brugge"]
[WhiteTeamCountry "BEL"]
[BlackTeamCountry "BEL"]

1. d4 Nf6 2. Nf3 d5 3. c4 e6 4. e3 a6 5. Nbd2 c5 6. a3 Nc6 7. dxc5 Bxc5 8. b4 Ba7 9. Bb2 0-0 10. Be2 d4 11. Nxd4 Nxd4 12. Bxd4 Bxd4 13. exd4 Qxd4 14. 0-0 Bd7 15. Nf3 Qe4 16. Bd3 Qf4 17. Qc1 Qxc1 18. Rfxc1 Rfd8 19. Ne5 Ba4 20. Be2 Nd7 21. Nd3 Rac8 22. Nb2 Bc6 23. Rd1 Ne5 24. f3 g5 25. Kf2 Kg7 26. Rxd8 Rxd8 27. Rd1 Rxd1 28. Nxd1 f5 29. Nc3 Kf6 30. Ke3 b6 31. c5 bxc5 32. Bxa6 cxb4 33. axb4 Nd7 34. g3 e5 1/2-1/2

[Event "NED-chT 2122"]
[Site "Netherlands"]
[Date "2021.09.18"]
[Round "1.5"]
[White "Geurink, Jasper"]
[Black "De Schampheleire, Glen"]
[Result "0-1"]
[WhiteElo "2269"]
[BlackElo "2376"]
[PlyCount "140"]
[EventDate "2021.09.18"]
[EventType "team-tourn"]
[EventRounds "9"]
[EventCountry "NED"]
[SourceTitle "EXT 2023"]
[Source "ChessBase"]
[SourceDate "2022.10.05"]
[SourceVersion "1"]
[SourceVersionDate "2022.10.05"]
[SourceQuality "1"]
[WhiteTeam "Groningen Combinatie"]
[BlackTeam "Sas van Gent"]
[WhiteTeamCountry "NED"]
[BlackTeamCountry "NED"]

1. e4 c6 2. d4 d5 3. e5 Bf5 4. c4 e6 5. Nc3 Ne7 6. Be3 Nd7 7. Rc1 dxc4 8. Bxc4 Nb6 9. Bb3 Ned5 10. Nge2 Nxc3 11. Nxc3 Be7 12. 0-0 0-0 13. g4 Bg6 14. f4 Qd7 15. Qf3 f5 16. exf6 Bxf6 17. Rcd1 Kh8 18. Ne4 Be7 19. Nc5 Bxc5 20. dxc5 Nd5 21. Bxd5 cxd5 22. Bd4 Be4 23. Qg3 Rf7 24. h4 Kg8 25. h5 h6 26. g5 hxg5 27. fxg5 Rf5 28. Rxf5 exf5 29. Rf1 Re8 30. b3 Qe7 31. h6 Bd3 32. Rd1 Be2 33. Rd2 gxh6 34. gxh6+ Bg4 35. h7+ Kxh7 36. Rh2+ Kg6 37. Qd6+ Qxd6 38. cxd6 f4 39. Rh4 Kg5 40. Rh7 Rd8 41. Rxb7 Rxd6 42. Rxa7 Rc6 43. Ra5 Rc1+ 44. Kf2 Rc2+ 45. Ke1 Kf5 46. Ba7 Re2+ 47. Kf1 Rd2 48. Ra4 Bf3 49. Ke1 Re2+ 50. Kf1 Rc2 51. Ke1 Kg4 52. Ra6 Be2 53. Ra4 Bd3 54. Rd4 Rxa2 55. Rxd3 Rxa7 56. b4 Ra1+ 57. Kf2 Ra2+ 58. Kf1 Rb2 59. Rxd5 Kg3 60. b5 Rb1+ 61. Ke2 f3+ 62. Kd2 f2 63. Rf5 f1Q 64. Rxf1 Rxf1 65. Kc3 Rb1 66. Kc4 Kf4 67. Kc5 Ke5 68. b6 Rc1+ 69. Kb5 Kd6 70. Ka6 Kc6 0-1

[Event "Guimaraes op"]
[Site "Guimaraes"]
[Date "2021.08.25"]
[Round "3"]
[White "De Schampheleire, Glen"]
[Black "Niemann, Hans Moke"]
[Result "0-1"]
[WhiteElo "2360"]
[BlackElo "2606"]
[PlyCount "58"]
[EventDate "2021.08.24"]
[EventType "swiss"]
[EventRounds "9"]
[EventCountry "POR"]
[SourceTitle "CBM 204 Extra"]
[Source "ChessBase"]
[SourceDate "2021.11.30"]
[SourceVersion "1"]
[SourceVersionDate "2021.11.30"]
[SourceQuality "1"]

1. d4 Nf6 2. c4 e6 3. Nf3 d5 4. g3 dxc4 5. Bg2 a6 6. 0-0 Nc6 7. e3 Bd7 8. Nc3 Rb8 9. Qe2 b5 10. Rd1 Be7 11. Ne5 Nb4 12. e4 0-0 13. Bf4 Nc6 14. b3 Nxe5 15. dxe5 Ne8 16. bxc4 c5 17. cxb5 axb5 18. a4 b4 19. Nb5 Qc8 20. Bf1 Bxb5 21. axb5 Nc7 22. Ra7 Re8 23. Qf3 Rb6 24. h4 Qb8 25. Rd7 Qxa7 26. Bg5 Qa3 27. Qf4 Rb7 28. Bf6 Qc3 29. Qg5 Bxf6 0-1

[Event "Titled Tuesday intern op 6th June"]
[Site "Chess.com INT"]
[Date "2020.06.02"]
[Round "1"]
[White "De Schampheleire, Glen"]
[Black "Li, Hui"]
[Result "1-0"]
[WhiteElo "2368"]
[BlackElo "1985"]
[PlyCount "111"]
[EventDate "2020.06.02"]
[EventType "swiss (blitz)"]
[EventRounds "10"]
[EventCountry "USA"]
[SourceTitle "CBM 196 Extra"]
[Source "ChessBase"]
[SourceDate "2020.07.31"]
[SourceVersion "1"]
[SourceVersionDate "2020.07.31"]
[SourceQuality "1"]

1. d4 Nf6 2. c4 e6 3. Nf3 d5 4. Nc3 c5 5. cxd5 cxd4 6. Nxd4 Nxd5 7. Bd2 Be7 8. g3 Nxc3 9. Bxc3 Qd5 10. Nf3 Qxd1+ 11. Rxd1 0-0 12. Bg2 Nc6 13. 0-0 Rb8 14. Ne5 Nxe5 15. Bxe5 Ra8 16. f4 Bc5+ 17. Bd4 Bxd4+ 18. Rxd4 a5 19. Rfd1 f6 20. Rc4 e5 21. Rc7 Be6 22. Rxb7 exf4 23. gxf4 Rad8 24. Rxd8 Rxd8 25. a3 Rd2 26. Kf2 Bc4 27. Bf3 a4 28. Ke3 Rd6 29. Kf2 Bb3 30. h4 Rd2 31. h5 g6 32. h6 Rxb2 33. Bd5+ Kf8 34. Ke3 Ra2 35. Bxb3 Rxa3 36. Kd2 Rxb3 37. Rxh7 Rb2+ 38. Kd3 Kg8 39. Rg7+ Kh8 40. Rxg6 Rb6 41. Rg1 Ra6 42. Ra1 Kh7 43. Kc4 Kxh6 44. Kb5 Ra8 45. Rxa4 Re8 46. e4 f5 47. e5 Kh5 48. Kc6 Kg4 49. Kd7 Rb8 50. e6 Rb7+ 51. Kd6 Rb6+ 52. Ke5 Rb5+ 53. Kf6 Rb1 54. e7 Re1 55. Kf7 Re4 56. Rxe4 1-0

[Event "EU-Cup 35th"]
[Site "Ulcinj"]
[Date "2019.11.16"]
[Round "7.14"]
[White "Alivodic, Dario"]
[Black "De Schampheleire, Glen"]
[Result "1/2-1/2"]
[WhiteElo "2082"]
[BlackElo "2359"]
[PlyCount "77"]
[EventDate "2019.11.10"]
[EventType "team-swiss"]
[EventRounds "7"]
[EventCountry "MNE"]
[SourceTitle "CBM 193 Extra"]
[Source "ChessBase"]
[SourceDate "2020.01.31"]
[SourceVersion "1"]
[SourceVersionDate "2020.01.31"]
[SourceQuality "1"]
[WhiteTeam "Buducnost"]
[BlackTeam "Sas van Gent"]
[WhiteTeamCountry "MNE"]
[BlackTeamCountry "NED"]

1. e4 c5 2. b4 cxb4 3. d4 d5 4. exd5 Nf6 5. a3 Qxd5 6. Nf3 Bg4 7. Be2 e6 8. c4 Qd7 9. h3 Bxf3 10. Bxf3 Nc6 11. d5 Ne5 12. 0-0 Be7 13. Re1 Nxf3+ 14. Qxf3 exd5 15. Qe2 dxc4 16. Bb2 c3 17. Bxc3 bxc3 18. Nxc3 0-0 19. Qxe7 Qc6 20. Ne4 Nxe4 21. Qxe4 Qa6 22. Qe7 h6 23. Rad1 b5 24. Re3 Qc6 25. Rd6 Qc1+ 26. Kh2 Qb2 27. Rg3 Rfe8 28. Qh4 Kh7 29. Qh5 Qxf2 30. Rf3 Qb2 31. Rxh6+ gxh6 32. Rxf7+ Qg7 33. Rxg7+ Kxg7 34. Qxb5 Rf8 35. Qe5+ Rf6 36. Qe7+ Rf7 37. Qe5+ Rf6 38. Qe7+ Rf7 39. Qe5+ 1/2-1/2

[Event "EU-Cup 35th"]
[Site "Ulcinj"]
[Date "2019.11.14"]
[Round "5.14"]
[White "De Schampheleire, Glen"]
[Black "Duijn, Richard"]
[Result "1-0"]
[WhiteElo "2359"]
[BlackElo "2220"]
[PlyCount "47"]
[EventDate "2019.11.10"]
[EventType "team-swiss"]
[EventRounds "7"]
[EventCountry "MNE"]
[SourceTitle "CBM 193 Extra"]
[Source "ChessBase"]
[SourceDate "2020.01.31"]
[SourceVersion "1"]
[SourceVersionDate "2020.01.31"]
[SourceQuality "1"]
[WhiteTeam "Sas van Gent"]
[BlackTeam "Kennemer Combinatie"]
[WhiteTeamCountry "NED"]
[BlackTeamCountry "NED"]

1. Nf3 Nf6 2. g3 b6 3. Bg2 Bb7 4. 0-0 e6 5. c4 c5 6. Nc3 Be7 7. Re1 d5 8. cxd5 Nxd5 9. e4 Nb4 10. d4 cxd4 11. Nxd4 0-0 12. Be3 N8c6 13. Nxc6 Nxc6 14. Qa4 Bb4 15. Rac1 Qe7 16. a3 Bxc3 17. Rxc3 Ne5 18. Rec1 Rfb8 19. Bf4 f6 20. Rc7 Qd6 21. Bxe5 fxe5 22. Rd7 Qf8 23. Rcc7 b5 24. Qd1 1-0

[Event "NED-chT 1920"]
[Site "Netherlands"]
[Date "2019.11.02"]
[Round "2.3"]
[White "Garrido Dominguez, Jesus"]
[Black "De Schampheleire, Glen"]
[Result "1-0"]
[WhiteElo "2404"]
[BlackElo "2387"]
[PlyCount "79"]
[EventDate "2019.09.28"]
[EventType "team-tourn"]
[EventRounds "9"]
[EventCountry "NED"]
[SourceTitle "CBM 193 Extra"]
[Source "ChessBase"]
[SourceDate "2020.01.31"]
[SourceVersion "1"]
[SourceVersionDate "2020.01.31"]
[SourceQuality "1"]
[WhiteTeam "BSG"]
[BlackTeam "Sas van Gent"]
[WhiteTeamCountry "NED"]
[BlackTeamCountry "NED"]

1. e4 e5 2. Nf3 Nf6 3. Nxe5 d6 4. Nc4 Nxe4 5. Qe2 Qe7 6. Ne3 Be6 7. d4 d5 8. c4 c6 9. Nc3 Nf6 10. b3 Qd7 11. Bb2 Bb4 12. 0-0-0 0-0 13. Na4 Na6 14. c5 Ba5 15. f3 Rfe8 16. Qf2 Bf5 17. g4 Bg6 18. a3 Bc7 19. Ng2 h5 20. h3 b5 21. Nc3 Qc8 22. Ne2 Qb8 23. Qe1 Nd7 24. b4 Nf8 25. Qd2 Ne6 26. Bc3 Qd8 27. Nef4 Nxf4 28. Nxf4 Qf6 29. Nxg6 fxg6 30. Kb2 Bf4 31. Qc2 h4 32. Bd3 Kf7 33. g5 Bxg5 34. Rhg1 Re3 35. f4 Bh6 36. Rxg6 Qxf4 37. Rf1 Rf3 38. Rxf3 Qxf3 39. Rxc6 Nb8 40. Be2 1-0

[Event "NED-chT 1819"]
[Site "Netherlands"]
[Date "2019.05.11"]
[Round "9.4"]
[White "De Schampheleire, Glen"]
[Black "Beerdsen, Thomas"]
[Result "1-0"]
[WhiteElo "2392"]
[BlackElo "2476"]
[PlyCount "117"]
[EventDate "2018.09.15"]
[EventType "team-tourn"]
[EventRounds "9"]
[EventCountry "NED"]
[SourceTitle "CBM 189 Extra"]
[Source "ChessBase"]
[SourceDate "2019.06.03"]
[SourceVersion "1"]
[SourceVersionDate "2019.06.03"]
[SourceQuality "1"]
[WhiteTeam "Sas van Gent"]
[BlackTeam "Apeldoorn MuConsult"]
[WhiteTeamCountry "NED"]
[BlackTeamCountry "NED"]

1. d4 d5 2. c4 Nc6 3. cxd5 Qxd5 4. e3 e5 5. Nc3 Bb4 6. Bd2 Bxc3 7. bxc3 Nf6 8. f3 0-0 9. c4 Qd6 10. d5 Ne7 11. Rb1 e4 12. Bb4 Qd8 13. fxe4 Re8 14. Qd4 c5 15. Bxc5 Qa5+ 16. Bb4 Qxa2 17. Ra1 Qc2 18. Qd3 Qxd3 19. Bxd3 Ng6 20. Nf3 Nxe4 21. 0-0 b6 22. Ra3 a5 23. Rb1 Ba6 24. Be1 Nd6 25. Ra4 b5 26. cxb5 Bb7 27. e4 Nf4 28. Bg3 Nxd3 29. Bxd6 f5 30. e5 Bxd5 31. Rd4 Bxf3 32. gxf3 Nxe5 33. Kf2 a4 34. b6 Nc6 35. Rc4 Na5 36. Rxa4 Nb7 37. Rxa8 Rxa8 38. Be5 Ra6 39. Bd4 Ra4 40. Ke3 Kf7 41. Rc1 Nd6 42. Rc7+ Ke6 43. Bc5 Ra2 44. b7 Rb2 45. Rc6 Kd5 46. Bxd6 Rxb7 47. Ra6 g5 48. Ba3 Rb3+ 49. Kf2 g4 50. Ra5+ Ke6 51. fxg4 fxg4 52. Bc1 Rh3 53. Kg2 h5 54. Ra3 Rxa3 55. Bxa3 h4 56. Bb4 Kf6 57. Ba5 Ke7 58. Bc7 g3 59. h3 1-0

[Event "NED-chT 1819"]
[Site "Netherlands"]
[Date "2019.04.13"]
[Round "8.3"]
[White "De Schampheleire, Glen"]
[Black "Guliyev, Namig"]
[Result "0-1"]
[WhiteElo "2392"]
[BlackElo "2532"]
[PlyCount "74"]
[EventDate "2018.09.15"]
[EventType "team-tourn"]
[EventRounds "9"]
[EventCountry "NED"]
[SourceTitle "CBM 189 Extra"]
[Source "ChessBase"]
[SourceDate "2019.06.03"]
[SourceVersion "1"]
[SourceVersionDate "2019.06.03"]
[SourceQuality "1"]
[WhiteTeam "Sas van Gent"]
[BlackTeam "En Passant"]
[WhiteTeamCountry "NED"]
[BlackTeamCountry "NED"]

1. d4 d5 2. c4 dxc4 3. e3 Nf6 4. Bxc4 e6 5. Nf3 a6 6. 0-0 b5 7. Bd3 Bb7 8. a4 b4 9. Qe2 Nbd7 10. e4 Be7 11. Nbd2 c5 12. e5 Nd5 13. Ne4 cxd4 14. Bg5 0-0 15. Nd6 Nc5 16. Nxb7 Nxb7 17. Qe4 g6 18. Bh6 Nc5 19. Qxd4 Nb3 20. Qe4 Re8 21. Rad1 Nc5 22. Qg4 Nxa4 23. Rd2 Bf8 24. Bg5 Qc7 25. Be4 Nab6 26. h4 Rac8 27. Re1 Bg7 28. h5 Nc4 29. hxg6 hxg6 30. Rxd5 exd5 31. Bxd5 Nxe5 32. Nxe5 Rxe5 33. Rc1 Qxc1+ 34. Bxc1 Rxc1+ 35. Kh2 Rh5+ 36. Kg3 Rxd5 37. Qxb4 Rb5 0-1

[Event "Titled Tuesday intern op 2nd April"]
[Site "Chess.com INT"]
[Date "2019.04.02"]
[Round "4"]
[White "De Schampheleire, Glen"]
[Black "Esipenko, Andrey"]
[Result "0-1"]
[WhiteElo "2384"]
[BlackElo "2616"]
[PlyCount "52"]
[EventDate "2019.04.02"]
[EventType "swiss (blitz)"]
[EventRounds "10"]
[EventCountry "USA"]
[SourceTitle "EXT 2021"]
[Source "ChessBase"]
[SourceDate "2020.10.23"]
[SourceVersion "1"]
[SourceVersionDate "2020.10.23"]
[SourceQuality "1"]

1. d4 Nf6 2. c4 g6 3. Nc3 d5 4. cxd5 Nxd5 5. e4 Nxc3 6. bxc3 Bg7 7. Be3 c5 8. Qd2 Qa5 9. Rc1 0-0 10. Nf3 Rd8 11. d5 e6 12. Bg5 f6 13. Bf4 Nc6 14. Be2 Ne7 15. c4 Qxd2+ 16. Nxd2 Bd7 17. Bd6 Bf8 18. Bxc5 Rac8 19. Bxa7 exd5 20. exd5 Nxd5 21. 0-0 Nf4 22. Bf3 Bc6 23. Ne4 Bxe4 24. Bxe4 Ne2+ 25. Kh1 Nxc1 26. Bxb7 Rxc4 0-1

[Event "NED-chT 1819"]
[Site "Netherlands"]
[Date "2018.10.06"]
[Round "2.6"]
[White "De Schampheleire, Glen"]
[Black "Hausrath, Daniel"]
[Result "1/2-1/2"]
[WhiteElo "2392"]
[BlackElo "2495"]
[PlyCount "99"]
[EventDate "2018.09.15"]
[EventType "team-tourn"]
[EventRounds "9"]
[EventCountry "NED"]
[SourceTitle "CBM 187 Extra"]
[Source "ChessBase"]
[SourceDate "2018.11.04"]
[SourceVersion "1"]
[SourceVersionDate "2018.11.04"]
[SourceQuality "1"]
[WhiteTeam "Sas van Gent"]
[BlackTeam "Zuid Limburg"]
[WhiteTeamCountry "NED"]
[BlackTeamCountry "NED"]

1. d4 g6 2. c4 Bg7 3. Nf3 c5 4. d5 f5 5. Qc2 Nf6 6. Nc3 0-0 7. g3 d6 8. Bg2 Na6 9. 0-0 Rb8 10. Re1 Nc7 11. e4 fxe4 12. Ng5 b5 13. cxb5 Nxb5 14. Nxb5 Rxb5 15. Nxe4 Nxe4 16. Bxe4 Bd4 17. Rf1 Bh3 18. Bg2 Bxg2 19. Kxg2 Qa8 20. Qe4 e5 21. Be3 Bxe3 22. fxe3 Rxb2+ 23. Kg1 Rb4 24. Qg2 Rbb8 25. h4 Rxf1+ 26. Rxf1 Rf8 27. e4 Qc8 28. Rxf8+ Kxf8 29. Qf1+ Ke7 30. Qc4 Qb7 31. Qc1 Qb4 32. Qg5+ Kd7 33. Qf6 c4 34. Qf7+ Kd8 35. Qxa7 c3 36. Qa8+ Ke7 37. Qa7+ Kf8 38. Qa8+ Kg7 39. Qa7+ Kf6 40. Qf2+ Ke7 41. Qa7+ Kd8 42. Qa8+ Kc7 43. Qc6+ Kb8 44. Kf2 h6 45. Ke3 g5 46. Qe8+ Ka7 47. Qd7+ Kb8 48. Qd8+ Kb7 49. Qd7+ Kb8 50. Qd8+ 1/2-1/2

[Event "Charleroi op"]
[Site "Charleroi"]
[Date "2018.08.03"]
[Round "8"]
[White "De Schampheleire, Glen"]
[Black "Kasparov, Sergey"]
[Result "1-0"]
[WhiteElo "2347"]
[BlackElo "2449"]
[PlyCount "167"]
[EventDate "2018.07.28"]
[EventType "swiss"]
[EventRounds "9"]
[EventCountry "BEL"]
[SourceTitle "CBM 185 Extra"]
[Source "ChessBase"]
[SourceDate "2018.07.29"]
[SourceVersion "1"]
[SourceVersionDate "2018.07.29"]
[SourceQuality "1"]

1. d4 d5 2. c4 c6 3. Nf3 Nf6 4. Nc3 a6 5. a4 e6 6. Bg5 Be7 7. e3 a5 8. Be2 0-0 9. 0-0 Na6 10. Qb3 Nb4 11. Na2 Nxa2 12. Qxa2 Nd7 13. Bxe7 Qxe7 14. Rab1 dxc4 15. Qxc4 e5 16. b4 exd4 17. Qxd4 axb4 18. Qxb4 Qxb4 19. Rxb4 Nc5 20. Ra1 Ra5 21. Nd4 Bd7 22. Rab1 Rfa8 23. Nb3 Nxb3 24. R1xb3 b5 25. axb5 c5 26. Re4 Ra1+ 27. Bf1 Bf5 28. Rf4 Be6 29. Rb2 Rc1 30. h4 Raa1 31. b6 Rxf1+ 32. Kh2 Rab1 33. Rfb4 Rxb2 34. Rxb2 Bc8 35. Rd2 Kf8 36. Rd8+ Ke7 37. Rxc8 Rb1 38. Rxc5 Rxb6 39. g4 h6 40. Kg3 g6 41. h5 g5 42. Re5+ Kf6 43. Rf5+ Kg7 44. Kf3 Rb4 45. Rd5 Rb2 46. Rd6 Ra2 47. Kg3 Ra3 48. Kg2 Ra4 49. Rd4 Ra2 50. Kf1 Rb2 51. Ke1 Ra2 52. Rd2 Ra4 53. Rd4 Ra2 54. Rd2 Ra4 55. f3 Ra3 56. Ke2 Rb3 57. Rc2 Ra3 58. Kd2 Rb3 59. Rc3 Rb4 60. Kd3 Ra4 61. Rc4 Ra3+ 62. Ke4 Ra5 63. Rd4 Ra3 64. Rd5 Rb3 65. f4 gxf4 66. exf4 Rb1 67. Kf5 Rf1 68. Rd6 Rb1 69. g5 Rb5+ 70. Kg4 hxg5 71. h6+ Kh7 72. f5 Rb1 73. Kxg5 Rg1+ 74. Kf6 Kxh6 75. Kxf7+ Kh7 76. Rd7 Ra1 77. f6 Ra2 78. Re7 Ra6 79. Kf8+ Kh8 80. f7 Kh7 81. Re2 Ra8+ 82. Ke7 Ra7+ 83. Kf6 Ra6+ 84. Re6 1-0

[Event "Charleroi op"]
[Site "Charleroi"]
[Date "2018.07.31"]
[Round "5"]
[White "De Schampheleire, Glen"]
[Black "Godart, Francois"]
[Result "1-0"]
[WhiteElo "2347"]
[BlackElo "2427"]
[PlyCount "69"]
[EventDate "2018.07.28"]
[EventType "swiss"]
[EventRounds "9"]
[EventCountry "BEL"]
[SourceTitle "CBM 185 Extra"]
[Source "ChessBase"]
[SourceDate "2018.07.29"]
[SourceVersion "1"]
[SourceVersionDate "2018.07.29"]
[SourceQuality "1"]

1. Nf3 d5 2. g3 Nf6 3. Bg2 e6 4. 0-0 c5 5. c4 d4 6. e3 Nc6 7. exd4 cxd4 8. d3 h6 9. Re1 Bd6 10. Na3 0-0 11. Nb5 e5 12. Nxd6 Qxd6 13. b4 Re8 14. b5 Nb8 15. Nh4 Nbd7 16. Nf5 Qb6 17. Ba3 Nc5 18. Qf3 Kh7 19. g4 e4 20. dxe4 Ncxe4 21. Qf4 Nc3 22. Rxe8 Nxe8 23. Re1 Nf6 24. Nxd4 Bxg4 25. Bb2 Na4 26. Ba1 Nc5 27. Re7 Qa5 28. h3 Qxa2 29. Bc3 Qxc4 30. hxg4 Qxc3 31. Rxf7 Kg8 32. Rxf6 gxf6 33. Bd5+ Kh7 34. Nf5 Qe1+ 35. Kg2 1-0

[Event "NED-chT 1617"]
[Site "Netherlands"]
[Date "2017.03.11"]
[Round "7.3"]
[White "Ikonnikov, Vyacheslav"]
[Black "De Schampheleire, Glen"]
[Result "1-0"]
[WhiteElo "2538"]
[BlackElo "2325"]
[PlyCount "99"]
[EventDate "2016.09.17"]
[EventType "team-tourn"]
[EventRounds "9"]
[EventCountry "NED"]
[SourceTitle "EXT 2018"]
[Source "ChessBase"]
[SourceDate "2017.10.13"]
[SourceVersion "1"]
[SourceVersionDate "2017.10.13"]
[SourceQuality "1"]
[WhiteTeam "En Passant"]
[BlackTeam "Sas van Gent"]
[WhiteTeamCountry "NED"]
[BlackTeamCountry "NED"]

1. d4 Nf6 2. c4 e6 3. Nf3 b6 4. Nc3 Bb7 5. Bg5 Bb4 6. Rc1 h6 7. Bxf6 Qxf6 8. a3 Bxc3+ 9. Rxc3 0-0 10. e3 d6 11. Be2 Nd7 12. 0-0 Rfd8 13. Qa4 c5 14. Rd1 a6 15. Ne1 b5 16. Qa5 bxc4 17. Bxc4 Rdc8 18. Bf1 Qe7 19. Rdc1 cxd4 20. Rxc8+ Bxc8 21. exd4 Nf6 22. Nc2 Nd5 23. Nb4 Nxb4 24. axb4 Qg5 25. Qc7 Bd7 26. h4 Qd2 27. Qc3 Qxc3 28. bxc3 d5 29. Ra1 Bc8 30. Ra5 Bb7 31. f4 Kf8 32. Kf2 Ke7 33. Ke3 Kd6 34. Rc5 Bc6 35. g4 Bb7 36. Bd3 Bc6 37. f5 exf5 38. gxf5 Bb7 39. Kf4 Bc6 40. f6 gxf6 41. Kf5 Rg8 42. Bxa6 Rg2 43. Kxf6 Rf2+ 44. Kg7 f5 45. b5 Bd7 46. b6 Rb2 47. b7 Bc6 48. Rb5 Rxb5 49. Bxb5 Bxb7 50. Kxh6 1-0